[Event "Vandoeuvre op"]
[Site "Vandoeuvre"]
[Date "2004.12.26"]
[Round "1"]
[White "Azzam, Ameziane"]
[Black "Feryn, Benjamin"]
[Result "1-0"]
[WhiteElo "1948"]
[BlackElo "1530"]
[PlyCount "49"]
[EventDate "2004.12.26"]
[EventType "swiss"]
[EventRounds "9"]
[EventCountry "FRA"]
[SourceTitle "CBM 104 Extra"]
[Source "ChessBase"]
[SourceDate "2005.03.01"]
[SourceVersion "1"]
[SourceVersionDate "2005.03.01"]
[SourceQuality "1"]

1. d4 d5 2. Nf3 Nf6 3. e3 e6 4. c4 c6 5. Bd3 dxc4 6. Bxc4 Bb4+ 7. Bd2 Qa5 8. 0-0 Ne4 9. Bxb4 Qxb4 10. Qc2 Nd6 11. Bd3 Qa5 12. Nbd2 h5 13. Nb3 Qc7 14. e4 Bd7 15. Rfe1 g6 16. Rac1 Qd8 17. d5 g5 18. dxe6 Bxe6 19. Nfd4 Bxb3 20. Qxb3 Qc7 21. e5 Nc8 22. e6 f6 23. Bg6+ Kf8 24. e7+ Nxe7 25. Qf7# 1-0